<?xml version="1.0" encoding="UTF-8"?>
<record
    xmlns:xsi="http://www.w3.org/2001/XMLSchema-instance"
    xsi:schemaLocation="http://www.loc.gov/MARC21/slim http://www.loc.gov/standards/marcxml/schema/MARC21slim.xsd"
    xmlns="http://www.loc.gov/MARC21/slim">

  <leader>03445njm a2200517Ia 4500</leader>
  <controlfield tag="001">24102</controlfield>
  <controlfield tag="003">IT-RoPAU</controlfield>
  <controlfield tag="005">20220918181124.0</controlfield>
  <controlfield tag="008">131025s9999    xx            000 0 und d</controlfield>
  <datafield tag="040" ind1=" " ind2=" ">
    <subfield code="a">IT-RoPAU</subfield>
  </datafield>
  <datafield tag="040" ind1=" " ind2=" ">
    <subfield code="c">IT-RoPAU</subfield>
  </datafield>
  <datafield tag="999" ind1=" " ind2=" ">
    <subfield code="c">100011</subfield>
    <subfield code="d">100011</subfield>
  </datafield>
  <datafield tag="999" ind1=" " ind2=" ">
    <subfield code="b">n.d.</subfield>
  </datafield>
  <datafield tag="100" ind1=" " ind2=" ">
    <subfield code="a">AA.VV.</subfield>
    <subfield code="9">794</subfield>
  </datafield>
  <datafield tag="100" ind1=" " ind2=" ">
    <subfield code="e">Autore musica</subfield>
    <subfield code="9">8790</subfield>
  </datafield>
  <datafield tag="100" ind1=" " ind2=" ">
    <subfield code="g">Codice autore musica SPICS: 12000</subfield>
    <subfield code="9">796</subfield>
  </datafield>
  <datafield tag="245" ind1=" " ind2=" ">
    <subfield code="a">Lady "Di" (Lp Pl 31638)</subfield>
  </datafield>
  <datafield tag="250" ind1=" " ind2=" ">
    <subfield code="a">1a ed.</subfield>
  </datafield>
  <datafield tag="260" ind1=" " ind2=" ">
    <subfield code="a">ROMA</subfield>
  </datafield>
  <datafield tag="260" ind1=" " ind2=" ">
    <subfield code="b">RCA (RADIO CORP. AMERICA)</subfield>
    <subfield code="c">1982 [1a Ed.:1982]</subfield>
  </datafield>
  <datafield tag="300" ind1=" " ind2=" ">
    <subfield code="a">DISCO</subfield>
  </datafield>
  <datafield tag="300" ind1=" " ind2=" ">
    <subfield code="c">54 minuti (Testo:  pag.)</subfield>
  </datafield>
  <datafield tag="500" ind1=" " ind2=" ">
    <subfield code="a">Musica strumentale. Arrangiamento. Pianoforte</subfield>
  </datafield>
  <datafield tag="505" ind1=" " ind2=" ">
    <subfield code="a">Lady "Di" (3:00) - Serenade (4:00) - Cavatina (4:00) - Guantanamera (3:00) - Ne me quitte pas (3:00) - Les regrets (4:00) - Les feuilles mortes (3:00) - Medley West Side Story [(Maria-Tonight-America) (7:00)] - Les derniers jours d'Anastasia Kemsky (4:00) - Le cygne (4:00) - Greensleeves (4:00) - Romance (4:00) - Vivre ailleurs (3:00) - Vals del recuerdo (3:00) - Love Is a Many Splendored Thing (3:00) - Children of the Wind (3:00) - Le deuxieme slow (4:00)</subfield>
  </datafield>
  <datafield tag="650" ind1=" " ind2=" ">
    <subfield code="a">STRUMENTALE [DISCHI]</subfield>
    <subfield code="e">Codice MATERIA SPICS: 9950</subfield>
    <subfield code="9">828</subfield>
  </datafield>
  <datafield tag="700" ind1=" " ind2=" ">
    <subfield code="a">Clayderman Richard</subfield>
    <subfield code="g">Codice interprete SPICS: 7953</subfield>
    <subfield code="e">Interprete</subfield>
    <subfield code="9">8791</subfield>
  </datafield>
  <datafield tag="700" ind1=" " ind2=" ">
    <subfield code="a">Senneville Paul De</subfield>
    <subfield code="g">Codice autore musica SPICS: 14362</subfield>
    <subfield code="e">Autore musica</subfield>
    <subfield code="p">Lady "Di" - Les derniers jours d'Anastasia Kemsky - Vivre ailleurs - Le deuxieme slow</subfield>
    <subfield code="9">8792</subfield>
  </datafield>
  <datafield tag="700" ind1=" " ind2=" ">
    <subfield code="a">Baudlot Jean</subfield>
    <subfield code="g">Codice autore SPICS: 14408</subfield>
    <subfield code="e">Autore</subfield>
    <subfield code="p">Lady "Di" - Les derniers jours d'Anastasia Kemsky - Vivre ailleurs - Le deuxieme slow</subfield>
    <subfield code="9">8793</subfield>
  </datafield>
  <datafield tag="700" ind1=" " ind2=" ">
    <subfield code="a">Schubert Franz</subfield>
    <subfield code="g">Codice autore musica SPICS: 10690</subfield>
    <subfield code="e">Autore musica</subfield>
    <subfield code="p">Serenade</subfield>
    <subfield code="9">8794</subfield>
  </datafield>
  <datafield tag="700" ind1=" " ind2=" ">
    <subfield code="a">Toussaint Olivier</subfield>
    <subfield code="g">Codice autore SPICS: 14363</subfield>
    <subfield code="e">Autore</subfield>
    <subfield code="p">Serenade - Greensleeves - Romance - Vals del recuerdo</subfield>
    <subfield code="9">8795</subfield>
  </datafield>
  <datafield tag="700" ind1=" " ind2=" ">
    <subfield code="a">Salesses Gerard</subfield>
    <subfield code="g">Codice autore testo/musica SPICS: 25301</subfield>
    <subfield code="e">Autore testo/musica</subfield>
    <subfield code="p">Serenade - Greensleeves - Romance - Vals del recuerdo</subfield>
    <subfield code="9">8796</subfield>
  </datafield>
  <datafield tag="700" ind1=" " ind2=" ">
    <subfield code="a">Stanley</subfield>
    <subfield code="g">Codice autore musica SPICS: 26414</subfield>
    <subfield code="e">Autore musica</subfield>
    <subfield code="p">Cavatina</subfield>
    <subfield code="9">8797</subfield>
  </datafield>
  <datafield tag="700" ind1=" " ind2=" ">
    <subfield code="a">Simon Paul</subfield>
    <subfield code="g">Codice autore SPICS: 11156</subfield>
    <subfield code="e">Autore</subfield>
    <subfield code="p">Cavatina</subfield>
    <subfield code="9">8798</subfield>
  </datafield>
  <datafield tag="700" ind1=" " ind2=" ">
    <subfield code="a">Myers</subfield>
    <subfield code="g">Codice autore testo/musica SPICS: 14409</subfield>
    <subfield code="e">Autore testo/musica</subfield>
    <subfield code="p">Cavatina</subfield>
    <subfield code="9">8799</subfield>
  </datafield>
  <datafield tag="700" ind1=" " ind2=" ">
    <subfield code="a">Seeger A.</subfield>
    <subfield code="g">Codice autore musica SPICS: 14410</subfield>
    <subfield code="e">Autore musica</subfield>
    <subfield code="p">Guantanamera</subfield>
    <subfield code="9">8800</subfield>
  </datafield>
  <datafield tag="700" ind1=" " ind2=" ">
    <subfield code="a">Cosma Vittorio</subfield>
    <subfield code="g">Codice autore musica SPICS: 14411</subfield>
    <subfield code="e">Autore musica</subfield>
    <subfield code="p">Les feuilles mortes</subfield>
    <subfield code="9">8801</subfield>
  </datafield>
  <datafield tag="700" ind1=" " ind2=" ">
    <subfield code="a">Prevert Jacques</subfield>
    <subfield code="g">Codice autore SPICS: 2341</subfield>
    <subfield code="e">Autore</subfield>
    <subfield code="p">Les feuilles mortes</subfield>
    <subfield code="9">8802</subfield>
  </datafield>
  <datafield tag="700" ind1=" " ind2=" ">
    <subfield code="a">Bernstein Leonard</subfield>
    <subfield code="g">Codice autore musica SPICS: 10723</subfield>
    <subfield code="e">Autore musica</subfield>
    <subfield code="p">Medley West Side Story</subfield>
    <subfield code="9">8803</subfield>
  </datafield>
  <datafield tag="700" ind1=" " ind2=" ">
    <subfield code="a">Sondheim Stephen</subfield>
    <subfield code="g">Codice autore SPICS: 8298</subfield>
    <subfield code="e">Autore</subfield>
    <subfield code="p">Medley West Side Story</subfield>
    <subfield code="9">8804</subfield>
  </datafield>
  <datafield tag="700" ind1=" " ind2=" ">
    <subfield code="a">Saint-Saens Camille</subfield>
    <subfield code="g">Codice autore musica SPICS: 10689</subfield>
    <subfield code="e">Autore musica</subfield>
    <subfield code="p">Le cygne</subfield>
    <subfield code="9">8805</subfield>
  </datafield>
  <datafield tag="700" ind1=" " ind2=" ">
    <subfield code="a">Beethoven Ludwig Van</subfield>
    <subfield code="g">Codice autore musica SPICS: 10721</subfield>
    <subfield code="e">Autore musica</subfield>
    <subfield code="p">Romance</subfield>
    <subfield code="9">8806</subfield>
  </datafield>
  <datafield tag="700" ind1=" " ind2=" ">
    <subfield code="a">Molar Ben</subfield>
    <subfield code="g">Codice autore musica SPICS: 26658</subfield>
    <subfield code="e">Autore musica</subfield>
    <subfield code="p">Vals del recuerdo</subfield>
    <subfield code="9">8807</subfield>
  </datafield>
  <datafield tag="700" ind1=" " ind2=" ">
    <subfield code="a">Webster Benjamin Francis (Ben)</subfield>
    <subfield code="g">Codice autore musica SPICS: 14419</subfield>
    <subfield code="e">Autore musica</subfield>
    <subfield code="p">Love Is a Many Splendored Thing</subfield>
    <subfield code="9">8808</subfield>
  </datafield>
  <datafield tag="700" ind1=" " ind2=" ">
    <subfield code="a">Fain Sammy</subfield>
    <subfield code="g">Codice autore SPICS: 14147</subfield>
    <subfield code="e">Autore</subfield>
    <subfield code="p">Love Is a Many Splendored Thing</subfield>
    <subfield code="9">8809</subfield>
  </datafield>
  <datafield tag="700" ind1=" " ind2=" ">
    <subfield code="a">Plessis Koos Du</subfield>
    <subfield code="g">Codice autore musica SPICS: 26659</subfield>
    <subfield code="e">Autore musica</subfield>
    <subfield code="p">Children of the Wind</subfield>
    <subfield code="9">8810</subfield>
  </datafield>
  <datafield tag="942" ind1=" " ind2=" ">
    <subfield code="c">MD</subfield>
    <subfield code="2">ddc</subfield>
  </datafield>
  <datafield tag="952" ind1=" " ind2=" ">
    <subfield code="0">0</subfield>
    <subfield code="1">0</subfield>
    <subfield code="4">0</subfield>
    <subfield code="6">24102_000000000000000</subfield>
    <subfield code="7">1</subfield>
    <subfield code="a">SPICS</subfield>
    <subfield code="b">SPICS</subfield>
    <subfield code="d">2013-10-25</subfield>
    <subfield code="l">0</subfield>
    <subfield code="o">24102</subfield>
    <subfield code="r">2013-10-25 00:00:00</subfield>
    <subfield code="w">2013-10-25</subfield>
    <subfield code="y">MD</subfield>
    <subfield code="z">Progr. Ins.: 4949 / N.Vol.: 1 / Copie: 1 - Copia rara: n.d. / date import: 01.01.2014 - By Epidotti, Trombetti, Vaglietti</subfield>
  </datafield>
</record>
